Chance the Rapper Discography - Statistics

General Stats
  • This quiz has been taken 35 times
    7 since last reset
  • The average score is 3 of 7
Answer Stats
Year Name Type % Correct
2013 Acid Rap Mixtape
100%
2016 Coloring Book Mixtape
86%
2019 The Big Day Album
86%
2012 10 Day Mixtape
71%
2015 Free (Based Freestyles Mixtape) Collaborative Mixtape
0%
2016 Merry Christmas Lil' Mama Collaborative Holiday Mixtape
0%
2022* Star Line Gallery Album
0%
No matching quizzes found
Score Distribution
Percent of People with Each Score
Percentile by Number Answered
Your Score History
You have not taken this quiz since the last reset